01123cam a22001697a 4500020002200000020002200022040000800044082003500052245011000087260007900197300004500276490003500321520049900356650001400855700002300869710006100892 a925104919X (v. 1) a9251050325 (v. 2) cFQG00a639.2 sa639 FOO 2003 A091 Or.00aManagement, co-management, or no management? :bmajor dilemmas in southern African freshwater fisheries / aRome :bFood and Agriculture Organization of the United Nations,c[